Milton Keynes Dons League Players Since 2014 - Statistics

General Stats
  • This quiz has been taken 20 times
  • The average score is 92 of 301
Answer Stats
% Correct
2023/24 (League Two - 4th) England LB 40 Dean Lewington 20
83%
2022/23 (League One - 21st) England LB 38 Dean Lewington 26
83%
2021/22 (League One - 3rd) England LB 37 Dean Lewington 44
83%
2020/21 (League One - 13th) England LB 36 Dean Lewington 43
83%
2019/20 (League One - 19th) England LB 35 Dean Lewington 33
83%
2018/19 (League Two - 3rd) England LB 34 Dean Lewington 46 1
83%
2017/18 (League One - 23rd) England LB 33 Dean Lewington 22
83%
2016/17 (League One - 12th) England LB 32 Dean Lewington 36 1
83%
2015/16 (Championship - 23rd) England LB 31 Dean Lewington 46 1
83%
2014/15 (League One - 2nd) England LB 30 Dean Lewington 41 3
83%
2014/15 (League One - 2nd) England AM 18 Dele Alli 39 16
83%
2016/17 (League One - 12th) Greece RB 23 George Baldock 37
67%
2015/16 (Championship - 23rd) Greece RB 22 George Baldock 15
67%
2014/15 (League One - 2nd) Greece RB 21 George Baldock 9
67%
2022/23 (League One - 21st) Wales DM 22 Matt Smith 21 2
67%
2021/22 (League One - 3rd) Wales DM 21 Matt Smith 4
67%
2021/22 (League One - 3rd) England AM 21 Scott Twine 45 20
67%
2023/24 (League Two - 4th) Ireland CB 25 Warren O'Hora 45 3
67%
2022/23 (League One - 21st) Ireland CB 23 Warren O'Hora 28 2
67%
2021/22 (League One - 3rd) Ireland CB 22 Warren O'Hora 46 2
67%
2020/21 (League One - 13th) Ireland CB 21 Warren O'Hora 31 2
67%
2022/23 (League One - 21st) Northern Ireland ST 30 Will Grigg 42 5
67%
2020/21 (League One - 13th) Northern Ireland ST 28 Will Grigg 20 8
67%
2014/15 (League One - 2nd) Northern Ireland ST 22 Will Grigg 44 20
67%
2014/15 (League One - 2nd) DR Congo ST 21 Benik Afobe 22 10
58%
2023/24 (League Two - 4th) Scotland LB 25 Daniel Harvie 38 3
58%
2022/23 (League One - 21st) Scotland LB 23 Daniel Harvie 34 3
58%
2021/22 (League One - 3rd) Scotland LB 22 Daniel Harvie 41 1
58%
2020/21 (League One - 13th) Scotland LB 21 Daniel Harvie 31 3
58%
2016/17 (League One - 12th) England GK 30 David Martin 40
58%
2015/16 (Championship - 23rd) England GK 29 David Martin 35
58%
2014/15 (League One - 2nd) England GK 28 David Martin 39
58%
2020/21 (League One - 13th) England RB 27 George Williams 8
58%
2019/20 (League One - 19th) England RB 26 George Williams 28 1
58%
2018/19 (League Two - 3rd) England RB 25 George Williams 30
58%
2017/18 (League One - 23rd) England RB 24 George Williams 43 1
58%
2016/17 (League One - 12th) England RB 23 George Williams 33 2
58%
2016/17 (League One - 12th) Wales LW 20 George Williams 11
58%
2014/15 (League One - 2nd) Wales LW 18 George Williams 4
58%
2023/24 (League Two - 4th) England AM 29 Jack Payne 40 6
58%
2015/16 (Championship - 23rd) Wales AM 21 Jonny Williams 13
58%
2021/22 (League One - 3rd) England LW 19 Josh Martin 5
58%
2021/22 (League One - 3rd) Denmark CM 20 Matt O'Riley 26 7
58%
2020/21 (League One - 13th) Denmark CM 19 Matt O'Riley 23 3
58%
2023/24 (League Two - 4th) England ST 20 Max Dean 29 15
58%
2022/23 (League One - 21st) England ST 18 Max Dean 9 1
58%
2023/24 (League Two - 4th) Wales DM 28 MJ Williams 37 1
58%
2023/24 (League Two - 4th) Sudan ST 29 Mo Eisa 20 5
58%
2022/23 (League One - 21st) Sudan ST 27 Mo Eisa 32 11
58%
2021/22 (League One - 3rd) Sudan ST 26 Mo Eisa 35 12
58%
2019/20 (League One - 19th) Scotland CB 33 Russell Martin 11 1
58%
2018/19 (League Two - 3rd) Scotland CB 32 Russell Martin 18 1
58%
2023/24 (League Two - 4th) New Zealand CB 34 Tommy Smith 10
58%
2023/24 (League Two - 4th) England CM 29 Alex Gilbey 46 13
50%
2019/20 (League One - 19th) England CM 24 Alex Gilbey 30 5
50%
2018/19 (League Two - 3rd) England CM 23 Alex Gilbey 39 3
50%
2017/18 (League One - 23rd) England CM 22 Alex Gilbey 23 3
50%
2019/20 (League One - 19th) Northern Ireland AM 27 Ben Reeves 17 1
50%
2016/17 (League One - 12th) Northern Ireland AM 24 Ben Reeves 34 7
50%
2015/16 (Championship - 23rd) Northern Ireland AM 23 Ben Reeves 18 3
50%
2014/15 (League One - 2nd) Northern Ireland AM 22 Ben Reeves 30 7
50%
2023/24 (League Two - 4th) Wales ST 30 Ellis Harrison 31 8
50%
2023/24 (League Two - 4th) Turkey ST 18 Emre Tezgel 15 3
50%
2023/24 (League Two - 4th) Poland GK 21 Filip Marschall 6
50%
2021/22 (League One - 3rd) England CB 21 Harry Darling 41 7
50%
2020/21 (League One - 13th) England CB 20 Harry Darling 23
50%
2023/24 (League Two - 4th) England LB 23 Joe Tomlinson 36 7
50%
2014/15 (League One - 2nd) Jamaica ST 19 Jonson Clarke-Harris 5
50%
2015/16 (Championship - 23rd) England CB 28 Kyle McFadzean 39
50%
2014/15 (League One - 2nd) England CB 27 Kyle McFadzean 41 3
50%
2020/21 (League One - 13th) England GK 27 Lee Nicholls 7
50%
2019/20 (League One - 19th) England GK 26 Lee Nicholls 35
50%
2018/19 (League Two - 3rd) England GK 25 Lee Nicholls 40
50%
2017/18 (League One - 23rd) England GK 24 Lee Nicholls 41
50%
2016/17 (League One - 12th) England GK 23 Lee Nicholls 8
50%
2023/24 (League Two - 4th) Ireland GK 27 Michael Kelly 15
50%
2021/22 (League One - 3rd) Ireland ST 19 Troy Parrott 41 8
50%
2021/22 (League One - 3rd) England GK 23 Andy Fisher 23
42%
2020/21 (League One - 13th) England GK 22 Andy Fisher 39
42%
2015/16 (Championship - 23rd) England GK 20 Charlie Burns 4
42%
2023/24 (League Two - 4th) Scotland GK 31 Craig MacGillivray 24
42%
2022/23 (League One - 21st) Ireland RM 19 Darragh Burns 14
42%
2016/17 (League One - 12th) Ireland CM 31 Darren Potter 37 2
42%
2015/16 (Championship - 23rd) Ireland CM 30 Darren Potter 37
42%
2014/15 (League One - 2nd) Ireland CM 29 Darren Potter 40 2
42%
2015/16 (Championship - 23rd) Uruguay CM 20 Diego Poyet 18
42%
2023/24 (League Two - 4th) England CM 27 Ethan Robson 33
42%
2022/23 (League One - 21st) England CM 25 Ethan Robson 18 1
42%
2021/22 (League One - 3rd) England CM 24 Ethan Robson 18 1
42%
2018/19 (League Two - 3rd) Mali DM 27 Ousseynou Cisse 26 2
42%
2017/18 (League One - 23rd) Mali DM 26 Ousseynou Cisse 32
42%
2022/23 (League One - 21st) Sierra Leone LW 26 Sullay Kaikai 14 2
42%
2021/22 (League One - 3rd) Canada RW 19 Theo Corbeanu 16 1
42%
2015/16 (Championship - 23rd) England DM 32 Antony Kay 34 2
33%
2014/15 (League One - 2nd) England DM 31 Antony Kay 45 1
33%
2022/23 (League One - 21st) England CM 35 Bradley Johnson 41 5
33%
2023/24 (League Two - 4th) England CM 17 Callum Tripp 1
33%
2020/21 (League One - 13th) Grenada ST 33 Cameron Jerome 34 13
33%
2023/24 (League Two - 4th) England RB 28 Cameron Norman 40
33%
2018/19 (League Two - 3rd) England ST 24 Chuks Aneke 38 17
33%
2017/18 (League One - 23rd) England ST 23 Chuks Aneke 31 9
33%
2016/17 (League One - 12th) England ST 22 Chuks Aneke 15 4
33%
2015/16 (Championship - 23rd) Peru AM 21 Cristian Benavente 2
33%
2016/17 (League One - 12th) England RW 25 Daniel Powell 20 2
33%
2015/16 (Championship - 23rd) England RW 24 Daniel Powell 22 2
33%
2014/15 (League One - 2nd) England RW 23 Daniel Powell 42 8
33%
2023/24 (League Two - 4th) England AM 25 Dan Kemp 21 3
33%
2022/23 (League One - 21st) England AM 23 Dan Kemp 5
33%
2021/22 (League One - 3rd) England AM 22 Dan Kemp 5
33%
2021/22 (League One - 3rd) England CM 21 David Kasumu 23
33%
2020/21 (League One - 13th) England CM 20 David Kasumu 24
33%
2019/20 (League One - 19th) England CM 19 David Kasumu 21 1
33%
2017/18 (League One - 23rd) England CM 17 David Kasumu 1
33%
2023/24 (League Two - 4th) Ireland CM 22 Dawson Devoy 10
33%
2022/23 (League One - 21st) Ireland CM 20 Dawson Devoy 34
33%
2016/17 (League One - 12th) England LW 30 Dean Bowditch 28 5
33%
2015/16 (Championship - 23rd) England LW 29 Dean Bowditch 37 4
33%
2014/15 (League One - 2nd) England LW 28 Dean Bowditch 35 7
33%
2020/21 (League One - 13th) England RB 18 Ethan Laird 24
33%
2021/22 (League One - 3rd) Argentina GK 23 Franco Ravizzoli 1
33%
2016/17 (League One - 12th) England LW 18 Harvey Barnes 21 6
33%
2023/24 (League Two - 4th) England CB 24 Jack Tucker 16
33%
2022/23 (League One - 21st) England CB 22 Jack Tucker 38 1
33%
2022/23 (League One - 21st) England GK 22 Jamie Cumming 46
33%
2021/22 (League One - 3rd) England GK 21 Jamie Cumming 21
33%
2019/20 (League One - 19th) Wales CB 27 Joe Walsh 24
33%
2018/19 (League Two - 3rd) Wales CB 26 Joe Walsh 30 2
33%
2017/18 (League One - 23rd) Wales CB 25 Joe Walsh 10
33%
2016/17 (League One - 12th) Wales CB 24 Joe Walsh 39 1
33%
2015/16 (Championship - 23rd) Wales CB 23 Joe Walsh 18 1
33%
2014/15 (League One - 2nd) Wales CB 22 Joe Walsh 2
33%
2019/20 (League One - 19th) England ST 29 Kieran Agard 19 2
33%
2018/19 (League Two - 3rd) England ST 28 Kieran Agard 43 20
33%
2017/18 (League One - 23rd) England ST 27 Kieran Agard 41 6
33%
2016/17 (League One - 12th) England ST 26 Kieran Agard 42 12
33%
2023/24 (League Two - 4th) England CM 21 Lewis Bate 20
33%
2020/21 (League One - 13th) England RW 16 Lewis Johnson 4
33%
2020/21 (League One - 13th) England LB 19 Matthew Sorinola 34 1
33%
2016/17 (League One - 12th) England ST 29 Nicky Maynard 31 2
33%
2015/16 (Championship - 23rd) England ST 28 Nicky Maynard 35 6
33%
2020/21 (League One - 13th) Scotland AM 25 Scott Fraser 44 14
33%
2015/16 (Championship - 23rd) Wales ST 26 Simon Church 19 2
33%
2017/18 (League One - 23rd) DR Congo CM 22 Aaron Tshibola 12
25%
2017/18 (League One - 23rd) Scotland LW 20 Aidan Nesbitt 19 2
25%
2018/19 (League Two - 3rd) Ghana ST 19 Brandon Thomas-Asante 1
25%
2017/18 (League One - 23rd) Ghana ST 18 Brandon Thomas-Asante 15
25%
2016/17 (League One - 12th) Ghana ST 17 Brandon Thomas-Asante 6
25%
2020/21 (League One - 13th) England RB 22 Callum Brittain 4
25%
2019/20 (League One - 19th) England RB 21 Callum Brittain 31 1
25%
2018/19 (League Two - 3rd) England RB 20 Callum Brittain 32 1
25%
2017/18 (League One - 23rd) England RB 19 Callum Brittain 29 2
25%
2016/17 (League One - 12th) England RB 18 Callum Brittain 6
25%
2015/16 (Championship - 23rd) United States GK 22 Cody Cropper 9
25%
2021/22 (League One - 3rd) Ireland DM 21 Conor Coventry 20 1
25%
2023/24 (League Two - 4th) Ireland CM 22 Conor Grant 11
25%
2022/23 (League One - 21st) Ireland CM 20 Conor Grant 29 1
25%
2019/20 (League One - 19th) Scotland CM 23 Conor McGrandles 31 1
25%
2018/19 (League Two - 3rd) Scotland CM 22 Conor McGrandles 25 1
25%
2017/18 (League One - 23rd) Scotland CM 21 Conor McGrandles 19
25%
2014/15 (League One - 2nd) Jamaica ST 19 Devante Cole 15 3
25%
2017/18 (League One - 23rd) Canada ST 18 Ike Ugbo 15 2
25%
2015/16 (Championship - 23rd) England AM 24 Jay Emmanuel-Thomas 4
25%
2023/24 (League Two - 4th) England RW 25 Jonathan Leko 23 3
25%
2022/23 (League One - 21st) England RW 23 Jonathan Leko 18 4
25%
2020/21 (League One - 13th) England DM 24 Jordan Houghton 19
25%
2019/20 (League One - 19th) England DM 23 Jordan Houghton 30 2
25%
2018/19 (League Two - 3rd) England DM 22 Jordan Houghton 44 2
25%
2015/16 (Championship - 23rd) England RB 25 Jordan Spence 33
25%
2014/15 (League One - 2nd) England RB 24 Jordan Spence 38
25%
2022/23 (League One - 21st) England CM 29 Josh McEachran 39
25%
2021/22 (League One - 3rd) England CM 28 Josh McEachran 35
25%
2020/21 (League One - 13th) England CM 27 Josh McEachran 14
25%
2015/16 (Championship - 23rd) England LW 20 Josh Murphy 42 5
25%
2021/22 (League One - 3rd) England RB 18 Kaine Kesler-Hayden 15 1
25%
2020/21 (League One - 13th) Denmark RM 20 Lasse Sorensen 24
25%
2015/16 (Championship - 23rd) Northern Ireland RB 23 Lee Hodson 3
25%
2014/15 (League One - 2nd) Northern Ireland RB 22 Lee Hodson 14 1
25%
2018/19 (League Two - 3rd) France CB 30 Mathieu Baudry 5
25%
2021/22 (League One - 3rd) Ireland RB 21 Peter Kioso 18 3
25%
2017/18 (League One - 23rd) Scotland ST 21 Robbie Muirhead 30 3
25%
2016/17 (League One - 12th) Scotland ST 20 Robbie Muirhead 19 2
25%
2018/19 (League Two - 3rd) England DM 24 Ryan Watson 22
25%
2016/17 (League One - 12th) Ireland CM 23 Samir Carruthers 23 1
25%
2015/16 (Championship - 23rd) Ireland CM 22 Samir Carruthers 39 1
25%
2014/15 (League One - 2nd) Ireland CM 21 Samir Carruthers 32 2
25%
2022/23 (League One - 21st) England RB 25 Tennai Watson 30
25%
2021/22 (League One - 3rd) England RB 24 Tennai Watson 28 2
25%
2014/15 (League One - 2nd) Northern Ireland CB 22 Tom Flanagan 6
25%
2022/23 (League One - 21st) Scotland CB 25 Zak Jules 32 1
25%
2021/22 (League One - 3rd) Scotland CB 24 Zak Jules 7
25%
2020/21 (League One - 13th) Scotland CB 23 Zak Jules 20 1
25%
2015/16 (Championship - 23rd) England ST 31 Alex Revell 17 4
17%
2020/21 (League One - 13th) England CM 33 Andrew Surman 31 2
17%
2023/24 (League Two - 4th) England CB 31 Anthony Stewart 4
17%
2022/23 (League One - 21st) England CB 29 Anthony Stewart 5
17%
2015/16 (Championship - 23rd) England RM 32 Carl Baker 34 3
17%
2014/15 (League One - 2nd) England RM 31 Carl Baker 32 9
17%
2021/22 (League One - 3rd) England ST 21 Charlie Brown 6
17%
2020/21 (League One - 13th) England ST 20 Charlie Brown 20 3
17%
2014/15 (League One - 2nd) England RW 25 Danny Green 14 1
17%
2017/18 (League One - 23rd) England CM 27 Ed Upson 37 3
17%
2016/17 (League One - 12th) England CM 26 Ed Upson 42 3
17%
2021/22 (League One - 3rd) England CM 25 Hiram Boateng 29 3
17%
2019/20 (League One - 19th) England CM 23 Hiram Boateng 20
17%
2014/15 (League One - 2nd) Ireland GK 22 Ian McLoughlin 8
17%
2020/21 (League One - 13th) Ireland ST 29 Joe Mason 24 5
17%
2019/20 (League One - 19th) Ireland ST 28 Joe Mason 13 3
17%
2014/15 (League One - 2nd) Ireland CM 33 Keith Andrews 5
17%
2023/24 (League Two - 4th) England RB 23 Kyran Lofthouse 21 1
17%
2018/19 (League Two - 3rd) England CM 25 Lawson D'Ath 15
17%
2014/15 (League One - 2nd) England CM 19 Lewis Baker 12 3
17%
2016/17 (League One - 12th) Belgium ST 21 Maecky Ngombo 9
17%
2015/16 (Championship - 23rd) England CB 36 Matthew Upson 3
17%
2023/24 (League Two - 4th) England GK 24 Nathan Harness 1
17%
2015/16 (Championship - 23rd) England CB 16 Oran Jackson 1
17%
2018/19 (League Two - 3rd) Sweden ST 28 Osman Sow 9 1
17%
2017/18 (League One - 23rd) Sweden ST 27 Osman Sow 19 2
17%
2018/19 (League Two - 3rd) Scotland AM 27 Peter Pawlett 7
17%
2017/18 (League One - 23rd) Scotland AM 26 Peter Pawlett 24 3
17%
2023/24 (League Two - 4th) Northern Ireland RB 19 Phoenix Scholtz 2
17%
2020/21 (League One - 13th) Wales CB 22 Regan Poole 20 1
17%
2019/20 (League One - 19th) Wales CB 21 Regan Poole 19
17%
2019/20 (League One - 19th) England ST 24 Rhys Healey 19 11
17%
2018/19 (League Two - 3rd) England ST 23 Rhys Healey 18 8
17%
2015/16 (Championship - 23rd) England RW 21 Rob Hall 27 2
17%
2014/15 (League One - 2nd) England RW 20 Rob Hall 7 3
17%
2023/24 (League Two - 4th) England AM 23 Stephen Wearne 17 4
17%
2016/17 (League One - 12th) England CM 25 Stuart O'Keefe 18 4
17%
2017/18 (League One - 23rd) Netherlands GK 21 Wieger Sietsma 5
17%
2023/24 (League Two - 4th) England LW 28 Ashley Hunter 6
8%
2020/21 (League One - 13th) England CB 24 Baily Cargill 11 1
8%
2019/20 (League One - 19th) England CB 23 Baily Cargill 12
8%
2018/19 (League Two - 3rd) England CB 22 Baily Cargill 29
8%
2020/21 (League One - 13th) England CM 28 Ben Gladwin 26 2
8%
2019/20 (League One - 19th) England CM 27 Ben Gladwin 9 1
8%
2016/17 (League One - 12th) England LB 19 Ben Tilney 6
8%
2019/20 (League One - 19th) England LM 26 Brennan Dickenson 7
8%
2015/16 (Championship - 23rd) England CM 17 Connor Furlong 1
8%
2022/23 (League One - 21st) England RB 19 Daniel Oyegoke 13
8%
2018/19 (League Two - 3rd) England RM 27 David Wheeler 19 4
8%
2017/18 (League One - 23rd) England CB 24 Ethan Ebanks-Landell 29 2
8%
2017/18 (League One - 23rd) England LW 22 Gboly Ariyibi 22 3
8%
2017/18 (League One - 23rd) England CM 20 Giorgio Rasulo 1
8%
2016/17 (League One - 12th) England CM 19 Giorgio Rasulo 3
8%
2015/16 (Championship - 23rd) England CM 18 Giorgio Rasulo 1
8%
2022/23 (League One - 21st) England RB 20 Henry Lawrence 26 1
8%
2020/21 (League One - 13th) England CB 17 Jack Davies 1
8%
2016/17 (League One - 12th) Scotland CB 21 Jack Hendry 7
8%
2015/16 (Championship - 23rd) England CM 21 Jake Forster-Caskey 20 1
8%
2020/21 (League One - 13th) England CM 18 John Freeman 4
8%
2019/20 (League One - 19th) England ST 27 Jordan Bowery 16 2
8%
2019/20 (League One - 19th) England CB 25 Jordan Moore-Taylor 14
8%
2018/19 (League Two - 3rd) England CB 24 Jordan Moore-Taylor 23 1
8%
2017/18 (League One - 23rd) England LB 18 Josh Tymon 9
8%
2022/23 (League One - 21st) Ireland ST 22 Joshua Kayode 6
8%
2015/16 (Championship - 23rd) Ireland CB 24 Kevin Long 2
8%
2022/23 (League One - 21st) England ST 19 Louie Barry 22 1
8%
2017/18 (League One - 23rd) England LM 18 Marcus Tavernier 7
8%
2014/15 (League One - 2nd) England CM 24 Mark Randall 9
8%
2023/24 (League Two - 4th) England ST 22 Matthew Dennis 14 4
8%
2022/23 (League One - 21st) England ST 20 Matthew Dennis 18 1
8%
2021/22 (League One - 3rd) England ST 22 Max Watters 11 5
8%
2023/24 (League Two - 4th) England LW 25 Nathan Holland 1
8%
2022/23 (League One - 21st) England LW 24 Nathan Holland 28 1
8%
2016/17 (League One - 12th) England CB 24 Paul Downing 37
8%
2020/21 (League One - 13th) Ireland CB 33 Richard Keogh 18
8%
2018/19 (League Two - 3rd) England ST 33 Robbie Simpson 21 2
8%
2015/16 (Championship - 23rd) England ST 19 Sam Gallagher 13
8%
2020/21 (League One - 13th) England ST 21 Sam Nombe 4
8%
2019/20 (League One - 19th) England ST 20 Sam Nombe 21 2
8%
2017/18 (League One - 23rd) England ST 18 Sam Nombe 6
8%
2017/18 (League One - 23rd) England LB 29 Scott Golbourne 25
8%
2017/18 (League One - 23rd) England CB 25 Scott Wootton 38
8%
2016/17 (League One - 12th) England CB 24 Scott Wootton 1 1
8%
2018/19 (League Two - 3rd) England GK 23 Stuart Moore 6
8%
2021/22 (League One - 3rd) England CB 24 Aden Baldwin 9
0%
2023/24 (League Two - 4th) England LM 20 Brooklyn Ilunga 3
0%
2021/22 (League One - 3rd) England LM 17 Brooklyn Ilunga 1
0%
2020/21 (League One - 13th) England LM 16 Brooklyn Ilunga 1
0%
2020/21 (League One - 13th) England ST 24 Carlton Morris 18 3
0%
2019/20 (League One - 19th) England ST 23 Carlton Morris 10 2
0%
2021/22 (League One - 3rd) England ST 28 Connor Wickham 13 1
0%
2015/16 (Championship - 23rd) England LW 22 Dale Jennings 1
0%
2019/20 (League One - 19th) England ST 18 Dylan Asonganyi 3
0%
2018/19 (League Two - 3rd) England ST 17 Dylan Asonganyi 3
0%
2017/18 (League One - 23rd) England CB 32 Elliott Ward 15
0%
2018/19 (League Two - 3rd) England AM 22 Jake Hesketh 16 2
0%
2020/21 (League One - 13th) England ST 19 Jay Bird 2
0%
2016/17 (League One - 12th) England ST 18 Kabongo Tshimanga 6
0%
2021/22 (League One - 3rd) England GK 31 Laurie Walker 1
0%
2020/21 (League One - 13th) Wales CM 25 Louis Thompson 17
0%
2019/20 (League One - 19th) Wales CM 24 Louis Thompson 9
0%
2018/19 (League Two - 3rd) England LB 24 Mitch Hancox 1
0%
2022/23 (League One - 21st) England CM 21 Paris Maghoma 20 1
0%
2016/17 (League One - 12th) England RW 21 Ryan Colclough 18 5
0%
2019/20 (League One - 19th) England CM 34 Ryan Harley 3
0%
2018/19 (League Two - 3rd) England CM 33 Ryan Harley 14 2
0%
2017/18 (League One - 23rd) England ST 21 Ryan Seager 14 2
0%
2020/21 (League One - 13th) England SS 19 Stephen Walker 12 2
0%
2018/19 (League Two - 3rd) England SS 17 Stephen Walker 7
0%
2014/15 (League One - 2nd) England ST 21 Tom Hitchcock 12
0%
No matching quizzes found
Score Distribution
Percent of People with Each Score
Percentile by Number Answered
Your Score History
You have not taken this quiz